000 00230nam a2200097Ia 4500
001 717168
005 20250826162958.0
008 250824s9999 xx 000 0 und d
245 0 _aZEHRA
_cNABİZADE NAZIM
260 _bDERGAH YAYINLARI
999 _c717168
_d717168